000 00721nam a2200229Ia 4500
003 OSt
005 20220925233630.0
006 a|||||r|||| 00| 0
007 ta
008 220923b |||||||| |||| 00| 0 eng d
020 _a818052129x
_c675.75
037 _b71, 19/02/2015, Ane Books Pvt Ltd
_cGeneral Book
040 _aRTL
_cRTL
_beng
041 _2eng
_aeng
082 _aX:89F, P6
100 _aJAYAPANDIAN S.
_9299116
245 0 _aAccounting for managers
_b Effective techniques for decision making
260 _a New Delhi
_bAne Books
_c2006
300 _ax,566p.
_ccm.
942 _hX:89F, P6
_cGB
_2CC
999 _c594139
_d594139